Fruits par image. - Statistiques

Statistiques générales
  • Ce quiz a été pris 1 345 fois
  • Le résultat moyen est 15 sur 20
Statistiques - réponses
Par images Réponse % Correct
Avocat
99%
Fraise
99%
Poire
99%
Kiwi
98%
Ananas
97%
Pastèque
96%
Litchi
94%
Mangue
94%
Grenade
91%
Mûre
91%
Figue
85%
Fruit de la passion
84%
Groseille
80%
Papaye
79%
Kaki
65%
Goyave
53%
Coing
41%
Kumquat
27%
Ramboutan
17%
Jacquier
8%
Aucun quiz correspondant
Distribution des résultats
% des personnes avec chaque résultat
Percentile par nombre de réponses
Votre historique - résultats
Vous n’avez pas pris ce quiz